Die Mu'taziliten oder die Freidenker im Islâm: (Record no. 20473)
[ view plain ]
| 000 -LEADER | |
|---|---|
| fixed length control field | 00624nam a22002057 4500 |
| 001 - CONTROL NUMBER | |
| control field | 9581025 |
| 003 - CONTROL NUMBER IDENTIFIER | |
| control field | BDDh-ASL |
| 005 - DATE AND TIME OF LATEST TRANSACTION | |
| control field | 20231015025907.0 |
| 008 - FIXED-LENGTH DATA ELEMENTS--GENERAL INFORMATION | |
| fixed length control field | 901102s1865 gw 000 0 ger |
| 010 ## - LIBRARY OF CONGRESS CONTROL NUMBER | |
| LC control number | ltf90007630 |
| 040 ## - CATALOGING SOURCE | |
| Original cataloging agency | DLC |
| Transcribing agency | DLC |
| Modifying agency | DLC |
| -- | BDDh-ASL |
| 050 00 - LIBRARY OF CONGRESS CALL NUMBER | |
| Classification number | 4BP 43 |
| 082 ## - DEWEY DECIMAL CLASSIFICATION NUMBER | |
| Classification number | 297.09 |
| Item number | STD |
| 100 1# - MAIN ENTRY--PERSONAL NAME | |
| Personal name | Steiner, Heinrich, |
| Dates associated with a name | 1841-1889. [from old catalog] |
| 245 04 - TITLE STATEMENT | |
| Title | Die Mu'taziliten oder die Freidenker im Islâm: |
| Remainder of title | ein Beitrag zur allgemeinen Culturgeschichte / |
| 260 ## - PUBLICATION, DISTRIBUTION, ETC. | |
| Place of publication, distribution, etc. | Leipzig: |
| Name of publisher, distributor, etc. | S. Hirzel, |
| Date of publication, distribution, etc. | 1865. |
| 300 ## - PHYSICAL DESCRIPTION | |
| Extent | 110 p. |
| 906 ## - LOCAL DATA ELEMENT F, LDF (RLIN) | |
| a | 0 |
| b | cbc |
| c | premunv |
| d | u |
| e | ncip |
| f | 19 |
| g | y-gencatlg |
| 942 ## - ADDED ENTRY ELEMENTS (KOHA) | |
| Source of classification or shelving scheme | Dewey Decimal Classification |
| Koha item type | Books |
| Withdrawn status | Lost status | Source of classification or shelving scheme | Damaged status | Not for loan | Collection code | Home library | Current library | Shelving location | Date acquired | Source of acquisition | Total Checkouts | Full call number | Barcode | Date last seen | Copy number | Price effective from | Koha item type |
|---|---|---|---|---|---|---|---|---|---|---|---|---|---|---|---|---|---|
| Dewey Decimal Classification | Non-fiction | Asiatic Society Library | Asiatic Society Library | General Stacks | 01/09/2021 | ASB Collection | 297.09 STD | 103921 | 01/09/2021 | C-1 | 01/09/2021 | Books |